Diccionario de términos financieros & bancarios : (Registro nro. 15365)
[ vista simple ]
| 000 -LEADER | |
|---|---|
| fixed length control field | 01371nam a22002777a 4500 |
| 003 - CONTROL NUMBER IDENTIFIER | |
| control field | OSt |
| 005 - DATE AND TIME OF LATEST TRANSACTION | |
| control field | 20210312213705.0 |
| 008 - FIXED-LENGTH DATA ELEMENTS--GENERAL INFORMATION | |
| fixed length control field | 210312s2002 ck ||||fr|||| 00| 0dspa d |
| 020 ## - INTERNATIONAL STANDARD BOOK NUMBER | |
| International Standard Book Number | 9586483169 |
| 040 ## - CATALOGING SOURCE | |
| Original cataloging agency | CO-JMCR |
| Transcribing agency | CO-JMCR |
| 041 0# - LANGUAGE CODE | |
| Language code of text/sound track or separate title | spa |
| 082 04 - DEWEY DECIMAL CLASSIFICATION NUMBER | |
| Classification number | R / 332.03 / |
| Item number | M322d |
| Edition number | 23 |
| 100 1# - MAIN ENTRY--PERSONAL NAME | |
| Personal name | Marcuse, Robert, |
| Relator term | autor |
| 9 (RLIN) | 36049 |
| 245 10 - TITLE STATEMENT | |
| Title | Diccionario de términos financieros & bancarios : |
| Remainder of title | índices español-inglés, inglés-español / |
| Statement of responsibility, etc. | Robert Marcuse |
| 250 ## - EDITION STATEMENT | |
| Edition statement | Cuarta edición |
| 260 ## - PUBLICATION, DISTRIBUTION, ETC. | |
| Place of publication, distribution, etc. | Bogotá : |
| Name of publisher, distributor, etc. | Ecoe, |
| Date of publication, distribution, etc. | 2002 |
| 300 ## - PHYSICAL DESCRIPTION | |
| Extent | xxii, 182 páginas ; |
| Dimensions | 25 cm. |
| 490 0# - SERIES STATEMENT | |
| Series statement | Diccionarios. Administración, economía y finanzas |
| 500 ## - GENERAL NOTE | |
| General note | Incluye datos biográficos del autor . |
| 520 3# - SUMMARY, ETC. | |
| Summary, etc. | Se trata de un diccionario de terminologia financiera destinado a banqueros y empleados bancarios, pero también a todas las personas que inevitablemente deben mantener alguna relación con ellos, prácticamente todo el mundo. No solo contiene definiciones y comentarios sobre expresiones financieras, sino también sobre expresiones de origen comercial, jurídico, económico y contable, ya que todas estas disciplinas están estrechamente vinculadas. |
| 650 14 - SUBJECT ADDED ENTRY--TOPICAL TERM | |
| Topical term or geographic name entry element | Finanzas |
| Form subdivision | Diccionarios |
| 9 (RLIN) | 36050 |
| 650 24 - SUBJECT ADDED ENTRY--TOPICAL TERM | |
| Topical term or geographic name entry element | Bancos |
| Form subdivision | Diccionarios |
| 9 (RLIN) | 36051 |
| 650 24 - SUBJECT ADDED ENTRY--TOPICAL TERM | |
| Topical term or geographic name entry element | Finanzas |
| Form subdivision | Terminología |
| 9 (RLIN) | 36052 |
| 650 24 - SUBJECT ADDED ENTRY--TOPICAL TERM | |
| Topical term or geographic name entry element | Bancos |
| Form subdivision | Terminología |
| 9 (RLIN) | 36053 |
| 942 ## - ADDED ENTRY ELEMENTS (KOHA) | |
| Source of classification or shelving scheme | Dewey Decimal Classification |
| Koha item type | Books |
| Withdrawn status | Lost status | Source of classification or shelving scheme | Damaged status | Not for loan | Collection code | Home library | Current library | Date acquired | Source of acquisition | Total Checkouts | Full call number | Barcode | Date last seen | Date last checked out | Copy number | Price effective from | Koha item type |
|---|---|---|---|---|---|---|---|---|---|---|---|---|---|---|---|---|---|
| Dewey Decimal Classification | Non-fiction | Biblioteca Pública José María del Castillo y Rada | Biblioteca Pública José María del Castillo y Rada | 10/02/2020 | Donación | 1 | R / 332.03 / M322d | 201810805 | 07/27/2022 | 07/13/2022 | Ej.1 | 03/12/2021 | Books |